[Event "44th Chess Olympiad Open 2022"]
[Site "Chennai"]
[Date "2022.08.02"]
[Round "5.2"]
[White "Shirov, Alexei"]
[Black "Gukesh D"]
[Result "0-1"]
[WhiteElo "2704"]
[BlackElo "2684"]
[Annotator "TA"]
[PlyCount "88"]
[EventDate "2022.07.29"]
[EventType "team-tourn"]
[EventCountry "IND"]
[SourceTitle "playchess.com"]
[Source "ChessBase"]
[SourceQuality "1"]
[WhiteTeam "Spain"]
[BlackTeam "India"]
[WhiteTeamCountry "ESP"]
[BlackTeamCountry "IND"]

1. e4 c5 2. Nf3 Nc6 3. Nc3 e5 4. Bc4 d6 5. d3 h6 6. Nd5 Nf6 7. c3 Be7 8. a3 a5
9. Rg1 Nxd5 10. Bxd5 Be6 11. Bxe6 fxe6 12. g4 Qd7 13. g5 hxg5 14. Bxg5 Bxg5 15.
Rxg5 O-O-O 16. Qe2 Rdf8 17. O-O-O Rf7 18. Rg2 a4 19. Rdg1 b5 20. Ng5 Re7 21. d4
exd4 22. Qxb5 Ne5 23. Qa6+ Qb7 24. Qxb7+ Kxb7 25. cxd4 cxd4 26. Rd1 Nc6 27. f4
e5 28. f5 Na5 29. Ne6 Nb3+ 30. Kb1 Kb6 31. Rc2 Rh4 32. Rc4 Rxe4 33. Rxa4 Nc5
34. Rb4+ Kc6 35. Rc1 Re2 36. h4 Kd5 37. Rb5 Ke4 38. Nxc5+ dxc5 39. Rcxc5 d3 40.
Kc1 Kf3 41. Rc3 e4 42. Rd5 Ke3 43. b4 Re1+ 44. Kb2 Ke2 0-1

[Event "44th Chess Olympiad Open 2022"]
[Site "Chennai"]
[Date "2022.08.02"]
[Round "5.2"]
[White "Santos Latasa, Jaime"]
[Black "Praggnanandhaa R"]
[Result "1-0"]
[WhiteElo "2675"]
[BlackElo "2648"]
[Annotator "RC"]
[PlyCount "169"]
[EventDate "2022.07.29"]
[EventType "team-tourn"]
[EventCountry "IND"]
[SourceTitle "playchess.com"]
[Source "ChessBase"]
[SourceQuality "1"]
[WhiteTeam "Spain"]
[BlackTeam "India"]
[WhiteTeamCountry "ESP"]
[BlackTeamCountry "IND"]

1. e4 c5 2. Nf3 Nc6 3. Nc3 e5 4. Bc4 Be7 5. d3 d6 6. a4 Nf6 7. Bg5 Nb4 8. Bxf6
Bxf6 9. Nd5 Nxd5 10. Bxd5 O-O 11. O-O Be6 12. Bxe6 fxe6 13. c3 Qd7 14. Qe2 Rf7
15. h3 Raf8 16. Nh2 Bd8 17. Ng4 Qc6 18. Ne3 b6 19. g3 a6 20. b3 b5 21. axb5
axb5 22. c4 Rb7 23. h4 Qd7 24. Kg2 Bc7 25. Ra2 Rfb8 26. Rfa1 bxc4 27. bxc4 Bd8
28. Nd1 Rb3 29. Ra8 Qc8 30. Rxb8 Rxb8 31. Nc3 Ra8 32. Rb1 h6 33. Rb3 Kh7 34.
Qb2 Ra7 35. Nb5 Ra6 36. Ra3 Rxa3 37. Qxa3 Qd7 38. Qa8 Kg6 39. Qb8 Be7 40. Qg8
Bd8 41. Nc3 Ba5 42. Ne2 Qf7 43. Qb8 Qe7 44. Ng1 Kf7 45. Nf3 Bd8 46. h5 Qd7 47.
Nh2 Kg8 48. Qb1 Kh7 49. Qd1 Bg5 50. Qg4 Qf7 51. Nf3 Bd8 52. Ng1 Bg5 53. Qd1 Bd8
54. Nh3 Ba5 55. Qa1 Bd8 56. Qd1 Ba5 57. Qg4 Bd2 58. Kf1 Bc3 59. Ng1 Ba5 60. Kg2
Bd8 61. Nh3 g6 62. hxg6+ Qxg6 63. Qe2 h5 64. Qa2 Kg7 65. Ng1 h4 66. Qa7+ Kf8
67. Qb8 Ke7 68. Qb7+ Ke8 69. Qc6+ Ke7 70. Nf3 hxg3 71. fxg3 Qh6 72. Qb7+ Ke8
73. Qb2 Kf7 74. Qd2 Qh5 75. Qe2 Qh6 76. Qf2 Kg7 77. Qd2 Qh5 78. Qc1 Qe8 79. Qd1
Be7 80. Nh4 Bxh4 81. Qg4+ Kf8 82. Qxh4 Qa4 83. Qf6+ Kg8 84. Qxe6+ Kh7 85. Qe7+
1-0

[Event "44th Chess Olympiad Open 2022"]
[Site "Chennai"]
[Date "2022.08.02"]
[Round "5.2"]
[White "Sarin Nihal"]
[Black "Anton Guijarro, David"]
[Result "1/2-1/2"]
[WhiteElo "2651"]
[BlackElo "2667"]
[Annotator "RC"]
[PlyCount "80"]
[EventDate "2022.07.29"]
[EventType "team-tourn"]
[EventCountry "IND"]
[SourceTitle "playchess.com"]
[Source "ChessBase"]
[SourceQuality "1"]
[WhiteTeam "India"]
[BlackTeam "Spain"]
[WhiteTeamCountry "IND"]
[BlackTeamCountry "ESP"]

1. d4 Nf6 2. c4 e6 3. Nc3 Bb4 4. e3 O-O 5. Bd3 c5 6. Nge2 cxd4 7. exd4 d5 8.
cxd5 Nxd5 9. O-O Nc6 10. Be4 Bd6 11. Bxd5 exd5 12. Bf4 Bg4 13. f3 Be6 14. Bxd6
Qxd6 15. Qd2 f6 16. Rfe1 Rfe8 17. Ng3 Re7 18. Re2 Rae8 19. Rae1 g6 20. Nf1 Kg7
21. a3 h5 22. h4 a6 23. Kf2 b5 24. Na2 a5 25. Nc1 b4 26. a4 Bd7 27. Nb3 Rxe2+
28. Rxe2 Nd8 29. Rxe8 Bxe8 30. Nc5 Ne6 31. Nxe6+ Qxe6 32. b3 Qc6 33. Ne3 Bd7
34. f4 Bg4 35. Nxg4 hxg4 36. g3 Kf7 37. Ke2 Qc8 38. Kd1 Qf5 39. Qc2 Qxc2+ 40.
Kxc2 f5 1/2-1/2

[Event "44th Chess Olympiad Open 2022"]
[Site "Chennai"]
[Date "2022.08.02"]
[Round "5.2"]
[White "Adhiban, B.."]
[Black "Iturrizaga Bonelli, Eduardo"]
[Result "1-0"]
[WhiteElo "2598"]
[BlackElo "2619"]
[Annotator "RC"]
[PlyCount "89"]
[EventDate "2022.07.29"]
[EventType "team-tourn"]
[EventCountry "IND"]
[SourceTitle "playchess.com"]
[Source "ChessBase"]
[SourceQuality "1"]
[WhiteTeam "India"]
[BlackTeam "Spain"]
[WhiteTeamCountry "IND"]
[BlackTeamCountry "ESP"]

1. d4 Nf6 2. c4 e6 3. Nc3 Bb4 4. e3 O-O 5. a3 Bxc3+ 6. bxc3 c5 7. Bd3 d5 8.
cxd5 Qxd5 9. Nf3 b6 10. c4 Qc6 11. Qe2 Bb7 12. O-O Nbd7 13. Bb2 Rfd8 14. a4
Rac8 15. a5 Qc7 16. axb6 axb6 17. Nd2 Ra8 18. Rfd1 Rxa1 19. Rxa1 Ra8 20. Rxa8+
Bxa8 21. h3 h6 22. Qe1 Bc6 23. Bf1 cxd4 24. exd4 Qb7 25. Nb3 Qa8 26. Qb4 Be4
27. Nd2 Bc6 28. Nb1 Be4 29. Nc3 Bc6 30. Nd1 Qb8 31. Ne3 Qf4 32. Qe1 Bb7 33. d5
exd5 34. cxd5 Qe4 35. f3 Qf4 36. Qc3 Nc5 37. Bb5 Qg5 38. Bc6 Bxc6 39. dxc6 Ne6
40. Qe5 Nc7 41. Qxc7 Qxe3+ 42. Kh2 Qe8 43. Qd6 Qc8 44. Bxf6 gxf6 45. Qd7 1-0

[Event "44th Chess Olympiad Open 2022"]
[Site "Chennai"]
[Date "2022.08.02"]
[Round "5.3"]
[White "Adams, Michael"]
[Black "Sargissian, Gabriel"]
[Result "1/2-1/2"]
[WhiteElo "2696"]
[BlackElo "2698"]
[Annotator "TA"]
[PlyCount "65"]
[EventDate "2022.07.29"]
[EventType "team-tourn"]
[EventCountry "IND"]
[SourceTitle "playchess.com"]
[Source "ChessBase"]
[SourceQuality "1"]
[WhiteTeam "England"]
[BlackTeam "Armenia"]
[WhiteTeamCountry "ENG"]
[BlackTeamCountry "ARM"]

1. e4 e5 2. Nf3 Nc6 3. Bc4 Nf6 4. d3 Bc5 5. Nc3 h6 6. O-O a6 7. Be3 Bxe3 8.
fxe3 d6 9. d4 O-O 10. a3 exd4 11. exd4 Nxe4 12. Nxe4 d5 13. Bd3 dxe4 14. Bxe4
Be6 15. c3 Bd5 16. Nd2 Qg5 17. Qf3 Rad8 18. Rf2 Ne7 19. Raf1 Ng6 20. Qd3 Bxe4
21. Nxe4 Qb5 22. Qg3 Qc6 23. Qf3 b6 24. Re2 a5 25. g3 f5 26. Ng5 Qxf3 27. Nxf3
Rfe8 28. Rfe1 Rxe2 29. Rxe2 Kf7 30. a4 Kf6 31. Kf2 Nh8 32. Ne5 Nf7 33. Nxf7
1/2-1/2

[Event "44th Chess Olympiad Open 2022"]
[Site "Chennai"]
[Date "2022.08.02"]
[Round "5.3"]
[White "Melkumyan, Hrant"]
[Black "McShane, Luke J"]
[Result "1-0"]
[WhiteElo "2634"]
[BlackElo "2649"]
[Annotator "RC"]
[PlyCount "113"]
[EventDate "2022.07.29"]
[EventType "team-tourn"]
[EventCountry "IND"]
[SourceTitle "playchess.com"]
[Source "ChessBase"]
[SourceQuality "1"]
[WhiteTeam "Armenia"]
[BlackTeam "England"]
[WhiteTeamCountry "ARM"]
[BlackTeamCountry "ENG"]

1. d4 Nf6 2. c4 e6 3. Nf3 b6 4. g3 Bb7 5. Bg2 Be7 6. O-O O-O 7. Nc3 Ne4 8. Qc2
Nxc3 9. Qxc3 a5 10. Rd1 Na6 11. Ne5 Bxg2 12. Kxg2 d6 13. Nf3 c6 14. h4 d5 15.
Bg5 f6 16. Bf4 Qd7 17. a3 Rfd8 18. Rac1 Rac8 19. Qd3 dxc4 20. Qxc4 b5 21. Qa2
Bf8 22. e4 a4 23. Rd2 h6 24. Rcd1 Qf7 25. b4 axb3 26. Qxb3 e5 27. Qxf7+ Kxf7
28. dxe5 Rxd2 29. Bxd2 Nc5 30. exf6 Kxf6 31. e5+ Kf7 32. Bb4 Ne6 33. Bxf8 Kxf8
34. Nd4 Nxd4 35. Rxd4 c5 36. Rd5 Ke7 37. Kf3 b4 38. axb4 cxb4 39. Rb5 Ke6 40.
Kg4 b3 41. f4 Rc3 42. f5+ Ke7 43. Rb7+ Kf8 44. Rb4 h5+ 45. Kf4 Ke7 46. g4 hxg4
47. Kxg4 Re3 48. Rb7+ Kf8 49. e6 Re4+ 50. Kg5 Re3 51. h5 Rg3+ 52. Kf4 Rh3 53.
Kg4 Re3 54. h6 gxh6 55. Kf4 Re1 56. Rxb3 Rf1+ 57. Ke5 1-0

[Event "44th Chess Olympiad Open 2022"]
[Site "Chennai"]
[Date "2022.08.02"]
[Round "5.3"]
[White "Hovhannisyan, Robert"]
[Black "Jones, Gawain C B"]
[Result "1/2-1/2"]
[WhiteElo "2591"]
[BlackElo "2652"]
[Annotator "RC"]
[PlyCount "118"]
[EventDate "2022.07.29"]
[EventType "team-tourn"]
[EventCountry "IND"]
[SourceTitle "playchess.com"]
[Source "ChessBase"]
[SourceQuality "1"]
[WhiteTeam "Armenia"]
[BlackTeam "England"]
[WhiteTeamCountry "ARM"]
[BlackTeamCountry "ENG"]

1. e4 e5 2. Nf3 Nc6 3. Bb5 a6 4. Ba4 Nf6 5. O-O Nxe4 6. d4 b5 7. Bb3 d5 8. dxe5
Be6 9. Nbd2 Nc5 10. c3 d4 11. Bxe6 Nxe6 12. cxd4 Ncxd4 13. a4 Bb4 14. axb5 Nxb5
15. Qa4 Bxd2 16. Bxd2 O-O 17. Rfd1 c5 18. Be3 Qb6 19. h4 h5 20. Qe4 Nbd4 21.
Bxd4 cxd4 22. Nxd4 Qb4 23. Qe3 Nxd4 24. Qxd4 Rab8 25. Rxa6 Qxd4 26. Rxd4 Rxb2
27. Ra7 Kh7 28. Rf4 Re2 29. Re7 Kg6 30. Kh2 Ra2 31. Rf3 Ra4 32. Kh3 Re4 33. e6
f5 34. Rg3+ Rg4 35. Ra3 Kf6 36. Raa7 g6 37. Reb7 Re4 38. e7 Re8 39. Rb6+ Re6
40. Rxe6+ Kxe6 41. Kg3 Rb8 42. f3 Kf7 43. Kf4 Rb4+ 44. Kg5 Rb2 45. e8=Q+ Kxe8
46. Kxg6 Rxg2+ 47. Kxf5 Rg3 48. Ke6 Kf8 49. f4 Rg6+ 50. Ke5 Rg4 51. f5 Rxh4 52.
Ke6 Rf4 53. Kf6 Kg8 54. Rg7+ Kf8 55. Rh7 Kg8 56. Rxh5 Ra4 57. Rg5+ Kf8 58. Kg6
Ra6+ 59. f6 Ra1 1/2-1/2

[Event "44th Chess Olympiad Open 2022"]
[Site "Chennai"]
[Date "2022.08.02"]
[Round "5.4"]
[White "Aronian, Levon"]
[Black "Nabaty, Tamir"]
[Result "1/2-1/2"]
[WhiteElo "2775"]
[BlackElo "2631"]
[Annotator "TA"]
[PlyCount "61"]
[EventDate "2022.07.29"]
[EventType "team-tourn"]
[EventCountry "IND"]
[SourceTitle "playchess.com"]
[Source "ChessBase"]
[SourceQuality "1"]
[WhiteTeam "United States"]
[BlackTeam "Israel"]
[WhiteTeamCountry "USA"]
[BlackTeamCountry "ISR"]

1. e4 e5 2. Nf3 Nf6 3. Nxe5 d6 4. Nf3 Nxe4 5. d4 d5 6. Bd3 Nc6 7. O-O Be7 8.
Nbd2 Bf5 9. Re1 Nxd2 10. Qxd2 Bg6 11. c3 O-O 12. Qc2 Bd6 13. Bg5 Qd7 14. Bh4
Rfe8 15. Bg3 Bxg3 16. hxg3 b6 17. Qd2 Bxd3 18. Qxd3 a5 19. a4 Rxe1+ 20. Rxe1
Re8 21. Rxe8+ Qxe8 22. Qb5 Qe6 23. Ng5 Qd6 24. Nh3 Kf8 25. Nf4 Ne7 26. b4 g5
27. Nd3 Qc6 28. Qxc6 Nxc6 29. b5 Na7 30. Kf1 Ke7 31. Ke2 1/2-1/2

[Event "44th Chess Olympiad Open 2022"]
[Site "Chennai"]
[Date "2022.08.02"]
[Round "5.4"]
[White "Dominguez Perez, Leinier"]
[Black "Rodshtein, Maxim"]
[Result "1-0"]
[WhiteElo "2754"]
[BlackElo "2596"]
[Annotator "RC"]
[PlyCount "107"]
[EventDate "2022.07.29"]
[EventType "team-tourn"]
[EventCountry "IND"]
[SourceTitle "playchess.com"]
[Source "ChessBase"]
[SourceQuality "1"]
[WhiteTeam "United States"]
[BlackTeam "Israel"]
[WhiteTeamCountry "USA"]
[BlackTeamCountry "ISR"]

1. e4 e5 2. Nf3 Nc6 3. Bb5 Nf6 4. d3 Bc5 5. c3 O-O 6. O-O d5 7. Nbd2 dxe4 8.
dxe4 Qe7 9. h3 a5 10. a4 Rd8 11. Qc2 Nb8 12. Re1 Ne8 13. Rb1 Nd6 14. Bd3 Nc6
15. Nf1 f6 16. Be3 Bxe3 17. Nxe3 Be6 18. b4 b6 19. b5 Nb8 20. Nd5 Qf7 21. c4
Nb7 22. Nh4 Nc5 23. Be2 Kh8 24. Bg4 Bxd5 25. cxd5 Nbd7 26. Re3 g6 27. Rc3 Nf8
28. Rc1 Rd6 29. g3 Rad8 30. Rxc5 bxc5 31. Qxc5 f5 32. Bf3 Rf6 33. Rc2 Nd7 34.
Qxc7 Rf8 35. Qa7 Nb6 36. Rc7 Qg8 37. Rc6 Nxa4 38. Qxa5 fxe4 39. Bxe4 Rxf2 40.
Qxa4 Qf7 41. Rc1 Qf6 42. Qa3 Rf1+ 43. Rxf1 Qxf1+ 44. Kh2 Rf2+ 45. Ng2 Qxb5 46.
Qe7 Qe2 47. Qxe5+ Kg8 48. Qe8+ Kg7 49. Qe7+ Rf7 50. Qe5+ Rf6 51. d6 Qa6 52. d7
Qd6 53. Qe8 Rf8 54. Nf4 1-0

[Event "44th Chess Olympiad Open 2022"]
[Site "Chennai"]
[Date "2022.08.02"]
[Round "5.4"]
[White "Smirin, Ilia"]
[Black "So, Wesley"]
[Result "1/2-1/2"]
[WhiteElo "2601"]
[BlackElo "2773"]
[Annotator "TA"]
[PlyCount "62"]
[EventDate "2022.07.29"]
[EventType "team-tourn"]
[EventCountry "IND"]
[SourceTitle "playchess.com"]
[Source "ChessBase"]
[SourceQuality "1"]
[WhiteTeam "Israel"]
[BlackTeam "United States"]
[WhiteTeamCountry "ISR"]
[BlackTeamCountry "USA"]

1. e4 e5 2. Nf3 Nc6 3. Bb5 Nf6 4. O-O Nxe4 5. Re1 Nd6 6. Nxe5 Be7 7. Bf1 Nxe5
8. Rxe5 O-O 9. d4 Bf6 10. Re1 Re8 11. c3 Rxe1 12. Qxe1 Ne8 13. Nd2 d5 14. Bd3
Nd6 15. Nf3 Bf5 16. Bxf5 Nxf5 17. Bf4 c6 18. Qe2 g6 19. Be5 Bxe5 20. Nxe5 Qe7
21. Re1 f6 22. Nd3 Qxe2 23. Rxe2 Kf7 24. f3 h5 25. a4 a5 26. Kf2 g5 27. Nc5 Nd6
28. Re6 Ne8 29. Re2 Nd6 30. Re6 Nc8 31. Re2 Nd6 1/2-1/2

[Event "44th Chess Olympiad Open 2022"]
[Site "Chennai"]
[Date "2022.08.02"]
[Round "5.4"]
[White "Boruchovsky, Avital"]
[Black "Caruana, Fabiano"]
[Result "1/2-1/2"]
[WhiteElo "2551"]
[BlackElo "2783"]
[Annotator "TA"]
[PlyCount "63"]
[EventDate "2022.07.29"]
[EventType "team-tourn"]
[EventCountry "IND"]
[SourceTitle "playchess.com"]
[Source "ChessBase"]
[SourceQuality "1"]
[WhiteTeam "Israel"]
[BlackTeam "United States"]
[WhiteTeamCountry "ISR"]
[BlackTeamCountry "USA"]

1. c4 e5 2. Nc3 d6 3. Nf3 f5 4. g3 Be7 5. Bh3 c5 6. d3 Nc6 7. Nd5 Nf6 8. Nxe7
Qxe7 9. Nh4 f4 10. Bxc8 Rxc8 11. gxf4 O-O 12. Ng2 d5 13. cxd5 Nxd5 14. fxe5 Nd4
15. Be3 Qxe5 16. Bxd4 cxd4 17. O-O Rc6 18. Qb3 Kh8 19. f4 Nxf4 20. Rxf4 Rxf4
21. Qxb7 Rcf6 22. Nxf4 Qxf4 23. Kh1 Rf7 24. Qa8+ Rf8 25. Qxa7 Qe5 26. Qb7 Qxe2
27. Rg1 g6 28. Qe4 Qxb2 29. Qe5+ Kg8 30. Qd5+ Kg7 31. Qe5+ Kg8 32. Qd5+ 1/2-1/2

[Event "44th Chess Olympiad Open 2022"]
[Site "Chennai"]
[Date "2022.08.02"]
[Round "5.5"]
[White "Wojtaszek, Radoslaw"]
[Black "Fressinet, Laurent"]
[Result "1-0"]
[WhiteElo "2708"]
[BlackElo "2631"]
[Annotator "RC"]
[PlyCount "139"]
[EventDate "2022.07.29"]
[EventType "team-tourn"]
[EventCountry "IND"]
[SourceTitle "playchess.com"]
[Source "ChessBase"]
[SourceQuality "1"]
[WhiteTeam "Poland"]
[BlackTeam "France"]
[WhiteTeamCountry "POL"]
[BlackTeamCountry "FRA"]

1. d4 Nf6 2. c4 e6 3. Nc3 Bb4 4. Qc2 d5 5. a3 Bxc3+ 6. Qxc3 Ne4 7. Qc2 c5 8.
dxc5 Nc6 9. Nf3 O-O 10. b4 a5 11. b5 Ne7 12. Bb2 Nxc5 13. cxd5 b6 14. Rd1 exd5
15. Nd4 Bg4 16. g3 Qd7 17. h3 Bh5 18. Bg2 Rac8 19. O-O Bg6 20. Qd2 Ne4 21. Qf4
Rc4 22. Rc1 Nd6 23. Rxc4 Nxc4 24. Bc1 Be4 25. Bxe4 dxe4 26. Qxe4 Nd6 27. Qg4
Qxg4 28. hxg4 Nd5 29. Bf4 Nxf4 30. gxf4 Rc8 31. Rd1 Kf8 32. a4 Ne4 33. Kf1 Nc3
34. Rc1 g6 35. e3 Rc5 36. Nb3 Rc8 37. Nxa5 Ke8 38. Nb3 Kd7 39. Nd4 Nxa4 40. Nc6
Ke8 41. Kg2 Kf8 42. Kf3 Nc5 43. Ra1 Rc7 44. Ra8+ Kg7 45. Rd8 h6 46. f5 Nb7 47.
Rd5 gxf5 48. gxf5 Nc5 49. e4 Rd7 50. Rxd7 Nxd7 51. e5 Nc5 52. Kg4 Ne4 53. f6+
Kf8 54. f4 Nc3 55. Nd4 Nd5 56. Ne2 Nc7 57. Nc3 Ne6 58. Nd5 Kg8 59. f5 Nd4 60.
Nc7 h5+ 61. Kf4 Ne2+ 62. Kg5 Ng3 63. Nd5 Kf8 64. e6 Ne4+ 65. Kxh5 Nd6 66. e7+
Ke8 67. Nc7+ Kd7 68. e8=Q+ Nxe8 69. Nxe8 Kxe8 70. Kh6 1-0

[Event "44th Chess Olympiad Open 2022"]
[Site "Chennai"]
[Date "2022.08.02"]
[Round "5.5"]
[White "Moussard, Jules"]
[Black "Duda, Jan-Krzysztof"]
[Result "1/2-1/2"]
[WhiteElo "2672"]
[BlackElo "2750"]
[Annotator "TA"]
[PlyCount "75"]
[EventDate "2022.07.29"]
[EventType "team-tourn"]
[EventCountry "IND"]
[SourceTitle "playchess.com"]
[Source "ChessBase"]
[SourceQuality "1"]
[WhiteTeam "France"]
[BlackTeam "Poland"]
[WhiteTeamCountry "FRA"]
[BlackTeamCountry "POL"]

1. e4 e5 2. Nf3 Nc6 3. Bb5 Nf6 4. d3 Bc5 5. c3 d5 6. Nbd2 O-O 7. O-O dxe4 8.
dxe4 Qe7 9. b4 Bd6 10. a3 a5 11. Rb1 axb4 12. axb4 Be6 13. Qe2 Ra2 14. Ng5 Bg4
15. Qc4 Rfa8 16. h3 Bd7 17. Qd3 h6 18. Ngf3 Be6 19. Bc4 Bxc4 20. Nxc4 Qe6 21.
Ne3 Rd8 22. Nd5 Nxd5 23. exd5 e4 24. Qc4 Ne5 25. Qxe4 Qg6 26. Qxg6 Nxf3+ 27.
gxf3 fxg6 28. Be3 b5 29. Ra1 Rc2 30. Ra5 Rxc3 31. Rxb5 Rb3 32. Rc1 Rxb4 33.
Rxb4 Bxb4 34. Rxc7 Rxd5 35. Rc8+ Kf7 36. Rc7+ Kg8 37. Rc8+ Kf7 38. Rc7+ 1/2-1/2

[Event "44th Chess Olympiad Open 2022"]
[Site "Chennai"]
[Date "2022.08.02"]
[Round "5.5"]
[White "Lagarde, Maxime"]
[Black "Moranda, Wojciech"]
[Result "1-0"]
[WhiteElo "2631"]
[BlackElo "2636"]
[Annotator "RC"]
[PlyCount "121"]
[EventDate "2022.07.29"]
[EventType "team-tourn"]
[EventCountry "IND"]
[SourceTitle "playchess.com"]
[Source "ChessBase"]
[SourceQuality "1"]
[WhiteTeam "France"]
[BlackTeam "Poland"]
[WhiteTeamCountry "FRA"]
[BlackTeamCountry "POL"]

1. e4 c6 2. d4 d5 3. Nc3 dxe4 4. Nxe4 Nf6 5. Nxf6+ exf6 6. Be3 Bd6 7. Bd3 O-O
8. Ne2 Re8 9. O-O Nd7 10. c4 Nf8 11. Ng3 g6 12. Qd2 f5 13. Ne2 Ne6 14. Rad1 b6
15. b4 Bb7 16. c5 Bc7 17. Bc4 a5 18. b5 cxb5 19. Bxb5 Qd5 20. f3 bxc5 21. dxc5
Qe5 22. f4 Nxf4 23. Nxf4 Qxe3+ 24. Qxe3 Rxe3 25. c6 Ba6 26. Bxa6 Rxa6 27. Nd5
Re2 28. Nxc7 Rxc6 29. Nd5 Rcc2 30. Nf4 Re4 31. a3 Ra2 32. Rf3 Rc4 33. h4 Kg7
34. Rd7 Ra4 35. Ne6+ Kf6 36. Nd8 Rxh4 37. Rxf7+ Ke5 38. Re7+ Kd6 39. Ree3 Rd4
40. Nb7+ Kc6 41. Nxa5+ Kb6 42. Nb3 Rg4 43. Rf2 Rxa3 44. Re6+ Kb5 45. Rb2 Kc4
46. Nd2+ Kd5 47. Re8 h5 48. Nf1 Ra1 49. Rd2+ Kc6 50. Rc8+ Kb7 51. Rc3 Rb1 52.
Rdc2 h4 53. Kh2 Ra4 54. Nd2 Rb6 55. Nc4 Re6 56. Rb3+ Ka6 57. Rcb2 g5 58. Nb6
Ra1 59. Nd7 Re8 60. Rb7 Rc8 61. R2b6+ 1-0

[Event "44th Chess Olympiad Open 2022"]
[Site "Chennai"]
[Date "2022.08.02"]
[Round "5.5"]
[White "Bartel, Mateusz"]
[Black "Maurizzi, Marc`Andria"]
[Result "1/2-1/2"]
[WhiteElo "2597"]
[BlackElo "2506"]
[Annotator "RC"]
[PlyCount "73"]
[EventDate "2022.07.29"]
[EventType "team-tourn"]
[EventCountry "IND"]
[SourceTitle "playchess.com"]
[Source "ChessBase"]
[SourceQuality "1"]
[WhiteTeam "Poland"]
[BlackTeam "France"]
[WhiteTeamCountry "POL"]
[BlackTeamCountry "FRA"]

1. e4 c5 2. Nf3 Nc6 3. Nc3 g6 4. Bc4 Bg7 5. O-O d6 6. a3 Nf6 7. d3 O-O 8. h3
Nd4 9. Nxd4 cxd4 10. Nd5 Nxd5 11. exd5 e5 12. dxe6 Bxe6 13. Bxe6 fxe6 14. Bd2
Rc8 15. Rc1 Qb6 16. c4 dxc3 17. Bxc3 Bxc3 18. bxc3 Rc5 19. d4 Rcf5 20. Qe2 R8f6
21. Rc2 Ra5 22. Rb2 Qc6 23. Rb3 Rg5 24. f3 b6 25. Kh1 Rgf5 26. c4 e5 27. Rd1
exd4 28. Rxd4 Re5 29. Re3 Rfe6 30. Rxe5 Rxe5 31. Qd2 Re6 32. Qg5 Qe8 33. Qd5
Kg7 34. Kh2 Qe7 35. f4 Qf6 36. a4 h5 37. Re4 1/2-1/2

[Event "44th Chess Olympiad Open 2022"]
[Site "Chennai"]
[Date "2022.08.02"]
[Round "5.6"]
[White "Mamedyarov, Shakhriyar"]
[Black "Quesada Perez, Yasser"]
[Result "1-0"]
[WhiteElo "2759"]
[BlackElo "2568"]
[Annotator "RC"]
[PlyCount "125"]
[EventDate "2022.07.29"]
[EventType "team-tourn"]
[EventCountry "IND"]
[SourceTitle "playchess.com"]
[Source "ChessBase"]
[SourceQuality "1"]
[WhiteTeam "Azerbaijan"]
[BlackTeam "Cuba"]
[WhiteTeamCountry "AZE"]
[BlackTeamCountry "CUB"]

1. c4 e5 2. Nf3 e4 3. Nd4 Nc6 4. e3 Nf6 5. Nc3 Bb4 6. Qb3 Bc5 7. Nde2 O-O 8.
Ng3 Re8 9. d3 exd3 10. Bxd3 Ng4 11. Be2 d6 12. Bd2 Bb6 13. Nd5 Ne7 14. Nxb6
axb6 15. h3 Ne5 16. e4 N7c6 17. Qc3 Qf6 18. a3 Nd7 19. Qxf6 Nxf6 20. f3 Be6 21.
Bc3 Nd7 22. Nh5 f6 23. Nf4 Bf7 24. Nd5 Rac8 25. Kf2 Ne7 26. Ne3 Nc5 27. b4 Na4
28. Bd2 c6 29. Rac1 Red8 30. Rc2 d5 31. cxd5 cxd5 32. Rxc8 Rxc8 33. Bb5 Be8 34.
Bxe8 Rxe8 35. exd5 Rd8 36. Rc1 Nxd5 37. Nxd5 Rxd5 38. Rc8+ Kf7 39. Rc7+ Ke6 40.
Be3 Rd7 41. Rxd7 Kxd7 42. Bd4 Ke6 43. Ke3 Kf5 44. g4+ Kg5 45. Kf2 Kf4 46. h4 b5
47. Kg2 g6 48. Kf2 h5 49. gxh5 gxh5 50. Kg2 Kf5 51. Kg3 Ke6 52. Kf4 Kd5 53.
Bxf6 Nb6 54. Kg5 Ke6 55. f4 Nd5 56. f5+ Kf7 57. Bd4 Ne7 58. Bb2 Kf8 59. Bf6 Nc8
60. Kxh5 Kf7 61. Kg5 Nd6 62. Bd4 Ne4+ 63. Kf4 1-0

[Event "44th Chess Olympiad Open 2022"]
[Site "Chennai"]
[Date "2022.08.02"]
[Round "5.6"]
[White "Durarbayli, Vasif"]
[Black "Quesada Perez, Luis Ernesto"]
[Result "0-1"]
[WhiteElo "2638"]
[BlackElo "2549"]
[Annotator "RC"]
[PlyCount "114"]
[EventDate "2022.07.29"]
[EventType "team-tourn"]
[EventCountry "IND"]
[SourceTitle "playchess.com"]
[Source "ChessBase"]
[SourceQuality "1"]
[WhiteTeam "Azerbaijan"]
[BlackTeam "Cuba"]
[WhiteTeamCountry "AZE"]
[BlackTeamCountry "CUB"]

1. e4 c5 2. Nf3 d6 3. d4 cxd4 4. Nxd4 Nf6 5. Nc3 a6 6. Be3 e5 7. Nf3 Be7 8. Bc4
O-O 9. O-O Nc6 10. Qe2 Na5 11. Bd5 Be6 12. Rfd1 Qc7 13. Rac1 h6 14. Nd2 Rac8
15. a4 Qd7 16. Bb6 Bd8 17. Bxe6 fxe6 18. Bxd8 Rfxd8 19. Rb1 Qc6 20. h3 Rd7 21.
Nf3 Qb6 22. Rd3 Rdc7 23. Nd2 Nc4 24. Nxc4 Rxc4 25. Qe3 Qxe3 26. Rxe3 Kf7 27.
Kf1 Ke7 28. Rd1 Rb4 29. b3 Rb6 30. Rdd3 Rbc6 31. Ke1 g5 32. Kd2 h5 33. g3 h4
34. Ke1 Rc5 35. Kf1 hxg3 36. fxg3 g4 37. Kg2 b5 38. axb5 axb5 39. b4 Rc4 40.
hxg4 Nxg4 41. Rf3 Rxb4 42. Rd2 Rb2 43. Rfd3 Rc6 44. Kf3 Nf6 45. g4 Nh7 46. Ke3
Ng5 47. Ne2 Rb4 48. Ng3 Rbc4 49. Rb3 b4 50. Rdd3 Rc8 51. Rb2 Rf8 52. Ra2 Rc7
53. Rb2 Rf4 54. Rxb4 Rxc2 55. Rb7+ Kf8 56. Rb8+ Kf7 57. Rb7+ Kg6 0-1

[Event "44th Chess Olympiad Open 2022"]
[Site "Chennai"]
[Date "2022.08.02"]
[Round "5.6"]
[White "Albornoz Cabrera, Carlos Daniel"]
[Black "Mamedov, Rauf"]
[Result "1-0"]
[WhiteElo "2566"]
[BlackElo "2656"]
[Annotator "RC"]
[PlyCount "75"]
[EventDate "2022.07.29"]
[EventType "team-tourn"]
[EventCountry "IND"]
[SourceTitle "playchess.com"]
[Source "ChessBase"]
[SourceQuality "1"]
[WhiteTeam "Cuba"]
[BlackTeam "Azerbaijan"]
[WhiteTeamCountry "CUB"]
[BlackTeamCountry "AZE"]

1. e4 c5 2. Nf3 Nc6 3. d4 cxd4 4. Nxd4 Nf6 5. Nc3 e5 6. Ndb5 d6 7. Nd5 Nxd5 8.
exd5 Nb8 9. a4 Be7 10. Be2 O-O 11. Bd2 a6 12. Na3 a5 13. Bb5 f5 14. Qe2 Nd7 15.
Nc4 Nc5 16. Be3 Qc7 17. f4 e4 18. O-O-O Bd7 19. Bxd7 Nxd7 20. Na3 Rac8 21. Kb1
Nc5 22. Nb5 Qd7 23. b3 Bf6 24. h3 Na6 25. g4 Nc7 26. Nxc7 Qxc7 27. c4 b5 28.
axb5 a4 29. b6 Qb7 30. b4 Qa6 31. Rc1 a3 32. Ka2 Rb8 33. Rc2 Rfc8 34. c5 Qa4
35. c6 Qxb4 36. Rb1 Bb2 37. Qa6 Rf8 38. b7 1-0